00450nam a2200133Ia 4500008004100000041000800041082001700049100001500066245004600081250000900127260003800136999001900174952012300193230627s9999 xx 000 0 und d amar a346.015bRAO aRao, K P R aCommentary On The Family Courts Act, 1984 a4ed. aHyderabadbGogia Law Agencyc2006 c688552d688552 001040708LLBaNLPbNLPcNLP-49d2006-03-31g450.00l0o346.015 RAOpNLP-N09552r2023-07-17 00:00:00w2023-07-17yBK